000 nam a22 7a 4500
999 _c4869
_d4869
003 AKMAL
005 20201008092049.0
008 201008t2010 cau e 001 0 eng d
020 _a9780470404690 (pbk.)
_cRM180
082 0 0 _a658.312404 CHA
_222
090 0 0 _a658.312404
_bCHA
100 1 _aChan, Janis Fisher
_99270
245 1 0 _aDesigning and developing training programs /
_cJanis Fisher Chan
260 _aSan Francisco, CA :
_bPfeiffer/John Wiley and Sons,
_cc2010
300 _axiv, 290p. ;
_c24cm.
490 1 _aPfeiffer essential guides for training basics
504 _aIncludes bibliographical references and index
650 1 0 _aEmployees
_xTraining of
_93413
650 2 0 _aEmployee training personnel
_96535
650 2 0 _aTraining
_96435
830 0 _aPfeiffer essential guides for training basics
_99271
942 _2ddc
_cBOOK